000 00393nam a2200169Ia 4500
100 _aLesikar/ Pettit/ Flatley
650 _aAutomobiles
250 _a8
942 _cBK
654 _aBusiness communication
245 _aLesikar''''s Basic Business Communication
260 _bTata Mc Graw hill
_c1999
082 _a372.6
_bLES/PET
300 _a613
546 _aENGLISH
999 _c25760
_d25760